Inseln mit Anfangsbuchstabe G - Statistiken

Allgemein
  • Dieses Quiz wurde 38 mal gespielt
  • Das Durchschnittsergebnis liegt bei 8 aus 17
Antwortstatistiken
Hinweise Antwort % Korrekt
Entgegen des Namens ist dies nicht die größte Insel der Kanaren. Gran Canaria
97%
Sehenswürdigkeiten auf der zweitgrößten Ostsee-Insel sind die Altstadt des Hauptorts Visby und die Villa Kunterbunt aus den Pippi-Langstrumpf-Filmen. Gotland
89%
Die größte Insel Europas beheimatet Engländer, Schotten und Waliser. Großbritannien
89%
Die größte Insel der Welt, von den Inuit Nunarput genannt, ist von drei Millionen Kubikkilometern Eis bedeckt. Grönland
86%
Die größte Insel des gleichnamigen Karibik-Staats wurde 1983 von den USA invadiert. Das Haupt-Exportprodukt (Muskatnuss) sieht man auf der Flagge. Grenada
77%
Auf der Kanalinsel wurden als wirtschaftliches Experiment Bauvorhaben mit selbstgedrucktem und später wieder vernichtetem Geld verwirklicht. Victor Hugo lebte hier im Exil. Guernsey
77%
Die Insel nimmt etwa ein Fünftel der Landfläche Maltas ein. Der Tempel von Ggantija dort gehört zu den ältesten freistehenden Gebäuden der Welt. Gozo
57%
Die größte und südlichste Insel des zur USA gehörenden Marianen-Archipels. Fast die gesamte Vogelwelt der Insel ist durch eingeschleppte Nattern ausgestorben. Guam
49%
Die französische Antillen-Insel hat ihren Namen von Kolumbus erhalten. Gehört inclusive der endemischen Waschbären zur EU. Guadeloupe
46%
Wie der Name nahelegt, ist dies die größte Insel der Cayman Islands. Grand Cayman
37%
Entgegen des Namens ist dies nicht die größte Insel der Bahamas. Grand Bahama
34%
Wie der Name nahelegt, ist dies die größte Insel der Bermudas. Grand Bermuda
34%
Wie der Name nahelegt, ist dies die größte Insel der Komoren. Grande Comore
20%
Rund um die Hauptinsel der Salomonen fand 1942/43 eine große Schlacht zwischen USA und Japan statt, u.a. mit dem Verlust von 50 Schiffen und 1500 Flugzeugen. Guadalcanal
11%
Die größte Insel der Türkei, am Eingang der Dardanellen gelegen, hieß bis 1970 Imbros. Gökçeada
6%
Wie der Name nahelegt, ist dies die größte Insel Neukaledoniens. Grande Terre
6%
Wird auch "Helgoland der Ostsee" genannt, da weiter vom nächsten Land (hier: Usedom) entfernt als die anderen deutschen Ostseeinseln. Greifswalder Oie
3%
Keine übereinstimmenden Quizze gefunden
Verteilung der Resultate
Anzahl Personen mit jedem Resultat
Perzentil nach korrekt beantworteten Fragen
Ihre Resultats-Entwicklung
Sie haben dieses Quiz noch nicht gespielt